<?xml version="1.0" encoding="UTF-8"?>
<record
    xmlns:xsi="http://www.w3.org/2001/XMLSchema-instance"
    xsi:schemaLocation="http://www.loc.gov/MARC21/slim http://www.loc.gov/standards/marcxml/schema/MARC21slim.xsd"
    xmlns="http://www.loc.gov/MARC21/slim">

  <leader>02667nam a2200397 a 4500</leader>
  <controlfield tag="003">CHAP</controlfield>
  <controlfield tag="005">20250522094349.0</controlfield>
  <controlfield tag="007">ta</controlfield>
  <controlfield tag="008">231107s2017    sp ao||frf||| 001 0 spa d</controlfield>
  <datafield tag="020" ind1=" " ind2=" ">
    <subfield code="a">978-84-16818-97-6</subfield>
  </datafield>
  <datafield tag="040" ind1=" " ind2=" ">
    <subfield code="a">Z</subfield>
    <subfield code="c">CHAP</subfield>
    <subfield code="e">rda</subfield>
  </datafield>
  <datafield tag="082" ind1="0" ind2="0">
    <subfield code="a">636.2089079</subfield>
    <subfield code="b">M36 2017</subfield>
    <subfield code="2">20</subfield>
  </datafield>
  <datafield tag="245" ind1="0" ind2="0">
    <subfield code="a">Manual gr&#xE1;fico inmunolog&#xED;a y enfermedades infecciosas en vacuno/</subfield>
    <subfield code="c">Ana Dom&#xE9;nech G&#xF3;mez [ y siete m&#xE1;s]; ilustrador Jacob Gragera Artal </subfield>
  </datafield>
  <datafield tag="264" ind1=" " ind2="1">
    <subfield code="a">Zaragoza, Espa&#xF1;a:</subfield>
    <subfield code="b">Grupo As&#xED;s Biomedia. Servet,</subfield>
    <subfield code="c">2017</subfield>
  </datafield>
  <datafield tag="300" ind1=" " ind2=" ">
    <subfield code="a">79 p&#xE1;ginas:</subfield>
    <subfield code="b">ilustraciones a color, fotogra&#xED;as </subfield>
  </datafield>
  <datafield tag="336" ind1=" " ind2=" ">
    <subfield code="2">rdacontent</subfield>
    <subfield code="a">texto</subfield>
    <subfield code="b">txt</subfield>
  </datafield>
  <datafield tag="337" ind1=" " ind2=" ">
    <subfield code="2">rdamedia</subfield>
    <subfield code="a">sin medio</subfield>
    <subfield code="b">n</subfield>
  </datafield>
  <datafield tag="338" ind1=" " ind2=" ">
    <subfield code="2">rdacarrier</subfield>
    <subfield code="a">volumen</subfield>
    <subfield code="b">nc</subfield>
  </datafield>
  <datafield tag="500" ind1=" " ind2=" ">
    <subfield code="a">ej.1: consumo </subfield>
  </datafield>
  <datafield tag="505" ind1=" " ind2=" ">
    <subfield code="g">Inmunolog&#xED;a general. 1. Tejidos y &#xF3;rganos del sistema inmunitario.-- 2. C&#xE9;lulas y mol&#xE9;culas del sistema inmunitario.-- 3. Inmunidad innata. Fagocitosis.-- 4. Inmunidad adquirida.-- 5. Inflamaci&#xF3;n local y general.-- 6. Inmunoglobinas.-- 7. Inmunidad de mucosas.-- 8. Inmunidad de la gl&#xE1;ndula mamaria.-- 9. Inmunidad en la gestaci&#xF3;n y el feto.-- 10 Inmunidad en el neonato y ternero. Calostro. Transferencia pasiva de anticuerpos.-- 11. Inmunidad frente a virus.-- 12. Inmunidad frente a bacterias.-- 13. Inmunidad frente a protozoos.-- 14. Inmunodeficiencia e inmunosupresi&#xF3;n.-- 15. Diagnostico inmunol&#xF3;gico: inmunidad celular.-- 17. Diagn&#xF3;stico directo: detecci&#xF3;n de ant&#xED;genos y &#xE1;cidos nucleicos.-- Enfermedades bovinas susceptibles de vacunaci&#xF3;n.-- 18. diarreas neonatales de los terneros.-- 19. Enfermedades respiratorias bovinas.-- 20. Enfermedades por clostridios.-- 21. Mastitis  bovina.-- 22. Abortos en vacuno.-- 23. Diarrea v&#xED;rica bovina.-- 24. Rinotraque&#xED;tis infecciosa bovina.-- 25 Tuberculosis bovina.-- 26. Paratuberculosis bovina.-- 27. Brucelosis bovina.-- 28. Lengua azul.-- 29. Fiebre aftosa.-- Prevenci&#xF3;n y control de las enfermedades bovinas.-- 30. Programas de control sanitario en vacuno.-- 31. Producci&#xF3;n y administraci&#xF3;n de vacunas. -- 32. Recomendaciones de vacunaci&#xF3;n en vacuno de leche, cebo y reproductores.</subfield>
  </datafield>
  <datafield tag="534" ind1=" " ind2=" ">
    <subfield code="p">T&#xED;tulo original:</subfield>
  </datafield>
  <datafield tag="650" ind1="1" ind2="3">
    <subfield code="9">45425</subfield>
    <subfield code="a">Ganado vacuno</subfield>
  </datafield>
  <datafield tag="650" ind1="1" ind2="0">
    <subfield code="a">Inmunolog&#xED;a veterinaria</subfield>
    <subfield code="v">Manuales </subfield>
    <subfield code="9">58821</subfield>
  </datafield>
  <datafield tag="650" ind1="1" ind2="3">
    <subfield code="9">188221</subfield>
    <subfield code="a">Sistema inmunitario</subfield>
  </datafield>
  <datafield tag="650" ind1="1" ind2="3">
    <subfield code="9">142716</subfield>
    <subfield code="a">Enfermedades del ganado vacuno</subfield>
    <subfield code="v">Manuales</subfield>
  </datafield>
  <datafield tag="650" ind1="1" ind2="7">
    <subfield code="9">36936</subfield>
    <subfield code="a">Enfermedades infecciosas en animales</subfield>
  </datafield>
  <datafield tag="650" ind1="1" ind2="7">
    <subfield code="9">117179</subfield>
    <subfield code="a">Vacunas</subfield>
    <subfield code="v">Manuales</subfield>
  </datafield>
  <datafield tag="700" ind1="1" ind2=" ">
    <subfield code="9">188243</subfield>
    <subfield code="a">Dom&#xE9;nech G&#xF3;mez, Ana</subfield>
    <subfield code="e">autor</subfield>
  </datafield>
  <datafield tag="700" ind1="1" ind2=" ">
    <subfield code="9">185920</subfield>
    <subfield code="a">Gragera Artal, Jacob</subfield>
    <subfield code="e">ilustrador</subfield>
  </datafield>
  <datafield tag="942" ind1=" " ind2=" ">
    <subfield code="2">ddc</subfield>
  </datafield>
  <datafield tag="942" ind1=" " ind2=" ">
    <subfield code="2">ddc</subfield>
  </datafield>
  <datafield tag="942" ind1=" " ind2=" ">
    <subfield code="2">ddc</subfield>
  </datafield>
  <datafield tag="942" ind1=" " ind2=" ">
    <subfield code="2">ddc</subfield>
  </datafield>
  <datafield tag="942" ind1=" " ind2=" ">
    <subfield code="2">ddc</subfield>
  </datafield>
  <datafield tag="942" ind1=" " ind2=" ">
    <subfield code="c">LIBRO</subfield>
  </datafield>
  <datafield tag="999" ind1=" " ind2=" ">
    <subfield code="c">219352</subfield>
    <subfield code="d">219352</subfield>
  </datafield>
  <datafield tag="952" ind1=" " ind2=" ">
    <subfield code="0">0</subfield>
    <subfield code="1">0</subfield>
    <subfield code="2">ddc</subfield>
    <subfield code="4">0</subfield>
    <subfield code="5">1</subfield>
    <subfield code="7">0</subfield>
    <subfield code="8">C</subfield>
    <subfield code="a">Z</subfield>
    <subfield code="b">Z</subfield>
    <subfield code="d">2021-12-13</subfield>
    <subfield code="e">Compra por licitaci&#xF3;n Factura n. 237</subfield>
    <subfield code="g">2594.00</subfield>
    <subfield code="i">Consumo</subfield>
    <subfield code="l">0</subfield>
    <subfield code="o">636.2089079 M36 2017</subfield>
    <subfield code="p">5102007395</subfield>
    <subfield code="r">2023-11-07 00:00:00</subfield>
    <subfield code="t">Ej.1</subfield>
    <subfield code="w">2023-11-07</subfield>
    <subfield code="y">LIBRO</subfield>
  </datafield>
</record>
